000 00245nam a2200097Ia 4500
001 684986
005 20250826161508.0
008 250824s9999 xx 000 0 und d
245 0 _aHANDAN CİLTLİ/A.KULİN/EVEREST
_cAYŞE KULİN
260 _bEVEREST
999 _c684986
_d684986